[Event "It (cat.16)"]
[Site "masterchessopen.com Pune (India)"]
[Date "2004.09.06"]
[Round "4"]
[White "Kunte Abhijit (IND)"]
[Black "Sasikiran Krishnan (IND)"]
[Result "0-1"]
[WhiteElo "2550"]
[BlackElo "2668"]

{ } 1.d4 { 1 } 1...Nf6 2.c4 g6 3.Nf3 Bg7 4.g3 c6 5.Bg2 O-O 6.O-O d5 7.Nbd2 a5
{ = } 8.e3 ( 8.b3 Bf5 9.Bb2 a4 10.bxa4 Qa5 11.cxd5 cxd5 12.Ne5 Nbd7 13.Nxd7
Bxd7 14.Nb3 Qxa4 15.Nc5 Qxd1 16.Rfxd1 { 1/2-1/2, Polugaevsky Lev A 2640 -
Kasparov Garry 2790 , Reggio Emilia 1992 It (cat.18) } ) 8...Bf5 { } ( 8...a4
9.Ne5 e6 10.Qc2 Qa5 11.Nb1 Nbd7 12.Nd3 Ne4 13.Na3 e5 14.f3 Nd6 15.Bd2 Qa7
16.cxd5 exd4 17.e4 cxd5 18.Bb4 Qa6 19.exd5 Ne5 20.Nxe5 Bxe5 21.Rfe1 Bf5 22.Qd2
Bg7 23.g4 Bd7 24.Qf4 Ne8 25.Bf1 Qf6 26.Qxf6 Nxf6 27.Bxf8 Kxf8 28.Bc4 { ...1-0,
Nikolic Predrag 2652 - Mikhalevski Victor 2518 , Ohrid 2001 Ch Europe } )
9.Ne5 { N } ( 9.Qe2 Re8 ( 9...Be4 10.Nxe4 Nxe4 11.cxd5 cxd5 12.Nd2 Nxd2
13.Bxd2 Qd7 14.Rfc1 Nc6 15.Qb5 Rfd8 16.Rc5 e6 17.a3 Bf8 18.Rc2 Bd6 19.Bf1 Ne7
20.Qb3 Nf5 21.Qb5 h5 22.Qxd7 Rxd7 23.Rac1 Ne7 24.f3 f5 25.Bb5 Rdd8 26.Re1 e5
27.dxe5 Bxe5 28.Kg2 Rdc8 { ...1-0, Kurajica Bojan 2534 - Podobnik Marijan 2290
, Pula 2000 Cup Croatia } ) 10.Ne5 Qc8 11.b3 Nbd7 12.Bb2 a4 13.f3 c5 14.g4 Be6
15.g5 Nh5 16.f4 a3 17.Bc3 cxd4 18.exd4 Nxe5 19.fxe5 f6 20.Rac1 Qd7 21.cxd5
Bxd5 22.Nc4 Bxg2 23.Qxg2 Ra6 24.gxf6 exf6 25.Nd6 Re7 26.Bb4 Rc6 27.Bxa3 fxe5
28.Qd5+ Kh8 { ...1-0, Kurajica Bojan 2590 - Tkachiev Vladislav 2642 , Manila
1992 Olympiad } ) ( 9.b3 Ne4 10.Bb2 a4 11.bxa4 Qa5 12.cxd5 cxd5 13.Nxe4 Bxe4
14.Qb3 Qxa4 15.Rfc1 Qxb3 16.axb3 Nc6 17.Ne1 Bxg2 18.Kxg2 Rfb8 19.Nd3 Rxa1
20.Rxa1 Kf8 21.b4 Ke8 22.b5 Nd8 23.Bc3 e6 24.Bb4 Bf8 25.Bxf8 Kxf8 26.Rc1 Ke7
27.Rc7+ Ke8 28.Ne5 Ra8 { ...1-0, Kurajica Bojan 2595 - Avrukh Boris 2430 ,
Ljubljana 1995 Cup European Club (final) } ) 9...Qc8 10.b3 Na6 11.Bb2 Bh3
12.Rc1 Bxg2 13.Kxg2 Qe6 14.a4 Nb4 15.Qe2 Ne4 16.Ndf3 Rac8 17.Nd3 c5 { ?! } (
17...Nxd3 { !? } 18.Qxd3 Rfd8 19.Bc3 Ra8 { } ) 18.Nf4 Qa6 19.dxc5 Bxb2 20.Qxb2
Nxc5 21.Qb1 dxc4 22.Rxc4 b6 23.h4 { ?! } ( 23.Kg1 { !? } 23...Qb7 24.Ne5 Rcd8
25.Rd4 { } ) 23...Qb7 24.e4 f5 { ?! } ( 24...f6 { !? } 25.Rd1 Rfd8 26.Rxd8+
Rxd8 { } ) 25.Ng5 { ? } ( { ? } 25.e5 Rfd8 26.Rd1 e6 27.Rcc1 { } ) 25...e5
26.Nfe6 Nxe6 27.Nxe6 Rxc4 28.bxc4 Re8 29.Ng5 h6 30.Nf3 fxe4 31.Nh2 { ?! } (
31.Nd2 { !? } 31...e3+ 32.Kg1 exf2+ 33.Rxf2 { } ) 31...Kg7 { ?! } ( 31...h5 {
!? } 32.Qb3 Rf8 33.c5+ Kg7 { } ) 32.Kg1 Qc6 33.Ng4 h5 34.Ne3 Rd8 35.Qa1 Qc5
36.Qb1 Rd3 37.Re1 Qd4 38.Nf1 { ?! } ( 38.Kf1 { !? } 38...Rd2 39.Re2 Rxe2
40.Kxe2 { } ) 38...Rf3 39.Re2 Nd3 40.Qc2 Nxf2 { } {#R} 0-1

[Event "Ch World (universities) (w)"]
[Site "masterchessopen.com Istanbul (Turkey)"]
[Date "2004.09.10"]
[Round "7"]
[White "Bogza Adina-Maria (ROM)"]
[Black "Rybenko Kseniya (GER)"]
[Result "1-0"]
[WhiteElo "2294"]
[BlackElo "2209"]

1.d4 Nf6 2.Nf3 g6 3.g3 Bg7 4.Bg2 O-O 5.O-O c6 6.Nbd2 d5 7.c4 Bf5 8.b3 Ne4
9.Bb2 Na6 10.Ne1 Qd7 11.e3 Bh3 12.Nxe4 dxe4 13.Qc2 Bxg2 14.Nxg2 f5 15.a3 g5
16.Rad1 Qe8 17.f3 exf3 18.Rxf3 Qh5 19.Rdf1 e6 20.e4 Qg4 21.exf5 Bxd4+ 22.Bxd4
Qxd4+ 23.Kh1 Rf6 24.Ne3 Nc5 25.Rd1 Qe4 26.Qxe4 Nxe4 27.Rd4 Nc5 28.b4 Na4
29.Ng4 Rff8 30.f6 Rad8 31.Nh6+ Kh8 32.Nf7+ {#r} 1-0

[Event "Ch Spain (seniors) (open)"]
[Site "masterchessopen.com Calvia (Spain)"]
[Date "2004.10.14"]
[Round "3"]
[White "Feiguelman Boris Dr (GER)"]
[Black "Garcia Sanchez Jose Manuel (ESP)"]
[Result "0-1"]
[WhiteElo "2113"]
[BlackElo "1862"]

1.Nf3 Nf6 2.g3 g6 3.Bg2 Bg7 4.O-O O-O 5.d4 d5 6.c4 c6 7.Nbd2 Bf5 8.Nh4 Bg4
9.h3 Be6 10.cxd5 cxd5 11.e3 Nc6 12.f4 Qd6 13.Kh2 Bd7 14.a3 e6 15.b4 Ne7 16.a4
Rfe8 17.b5 Rac8 18.Ba3 Qb8 19.Qb3 Nf5 20.Nhf3 Bf8 21.Bxf8 Rxf8 22.g4 Nd6
23.Ne5 Rc7 24.Rfc1 Rfc8 25.Qb2 Be8 26.Nd3 b6 27.Nb4 Qb7 28.Na6 Rxc1 29.Rxc1
Rxc1 30.Qxc1 Qc8 31.Qxc8 Nxc8 32.g5 Nh5 33.h4 Nd6 34.Kh3 Nf5 35.Nf1 Kf8 36.Bf3
Ke7 37.Bxh5 gxh5 38.Nb4 f6 39.Nc2 fxg5 40.hxg5 h6 41.gxh6 Nxh6 42.Ng3 Kf6
43.e4 dxe4 44.Nxe4+ Kg6 45.Nd6 Bd7 46.Kg3 Nf5+ 47.Nxf5 Kxf5 48.Kf3 Kg6 49.Ne3
Bc8 50.Kg3 Bb7 51.Kh4 Be4 52.Nc4 Kf5 53.Kg3 h4+ 54.Kxh4 Kxf4 55.a5 bxa5
56.Nxa5 Bd3 57.Nc6 Bxb5 58.Nxa7 Bd7 59.Kh5 Ke4 60.Kg6 Kxd4 61.Kf6 e5 62.Ke7
Ba4 {#R} 0-1

[Event "It (open)"]
[Site "masterchessopen.com Sautron (France)"]
[Date "2004.10.28"]
[Round "6"]
[White "Maiorov Nikita (BLR)"]
[Black "Gerard Nicolas (FRA)"]
[Result "1-0"]
[WhiteElo "2452"]
[BlackElo "2323"]

1.d4 Nf6 2.c4 g6 3.Nf3 Bg7 4.g3 c6 5.Bg2 d5 6.Nbd2 O-O 7.O-O Bf5 8.b3 Ne4
9.Bb2 Nd7 10.Nh4 Nxd2 11.Qxd2 Be6 12.Rac1 Qb6 13.Rfd1 Nf6 14.e3 Rfd8 15.Qc2
Rac8 16.Nf3 Bf5 17.Qe2 Be4 18.Ba3 e6 19.Bf1 Bxf3 20.Qxf3 Ne4 21.Rc2 Qa5 22.Bc1
f5 23.Bd3 Rf8 24.Qg2 Rf7 25.f3 Nd6 26.Bd2 Qd8 27.Rdc1 Bh6 28.Bf1 Bg7 29.Kh1
Kh8 30.a4 Kg8 31.Be1 Bh6 32.Bf2 Qf8 33.Re1 Rd8 34.h3 Bg7 35.Bg1 a6 36.Be2 Kh8
37.Rd1 Rdd7 38.Bd3 Rd8 39.Re1 Rdd7 40.Bf1 Rd8 41.Rd1 Rdd7 42.Be2 Rd8 43.g4 Qe7
44.Bf2 Kg8 45.c5 Ne8 46.f4 Nf6 47.Bh4 Qd7 48.Bd3 Ra8 49.Bxf6 Bxf6 50.g5 Bd8
51.h4 Rg7 52.Qg3 Qe7 53.Rh2 Kf7 54.b4 Ke8 55.h5 Kd7 56.Kg2 Bc7 57.Kf3 Qf7
58.Rdh1 Rb8 59.Qe1 Qe7 60.b5 axb5 61.axb5 Ra8 62.Qb4 Qf8 63.Qb3 Qe7 64.Ra2
Rxa2 65.Qxa2 e5 66.dxe5 Qxc5 67.hxg6 hxg6 68.Qb2 Ke6 69.bxc6 Bb6 70.Qd2 Qxc6
71.Rc1 Bc5 72.Qh2 b6 73.Bxf5+ Ke7 74.Bd3 Qe6 75.Ra1 b5 76.Rc1 Bb6 77.Qh8 Qf7
78.Rc6 Ba5 79.Qb8 {#r} 1-0

[Event "Ch France (team) (nat.2) 2004/05"]
[Site "masterchessopen.com France"]
[Date "2004.11.06"]
[Round "2"]
[White "Dufour Olivier (FRA)"]
[Black "Herrou Christophe (FRA)"]
[Result "0-1"]
[WhiteElo "2057"]
[BlackElo "2084"]

1.d4 d5 2.Nf3 g6 3.c4 c6 4.g3 Bg7 5.Bg2 Nf6 6.O-O O-O 7.Nbd2 Nbd7 8.Qc2 Re8
9.Rd1 Nb6 10.Ne5 Nfd7 11.Nxd7 Bxd7 12.e4 Bg4 13.f3 Bxd4+ 14.Kh1 Be6 15.Nb3 Bg7
16.c5 Nd7 17.Nd4 Nf8 18.Nxe6 Nxe6 19.f4 Nc7 20.Qb3 Qc8 21.exd5 Nxd5 22.Bxd5
cxd5 23.Qxd5 e6 24.Qc4 Qc6+ 25.Kg1 Red8 26.Be3 Qf3 27.Rd3 Rxd3 28.Qxd3 Bxb2
29.Rf1 Qc6 30.Qb3 Qe4 31.Rd1 Bf6 32.Kf2 Rd8 33.Rxd8+ Bxd8 34.Qd1 Bf6 35.Qf3
Qd5 36.Qxd5 exd5 37.Ke2 Kf8 38.Kd3 Ke8 39.Bd4 Be7 40.a4 a6 41.Kc3 Kd7 42.Kb4
Kc6 43.a5 f5 44.h4 h5 45.Bg1 Bf6 46.Bf2 Bb2 47.Kb3 Bc1 48.Kc3 Ba3 {#R} 0-1

[Event "Ch Slovenia (team) (1 liga) West"]
[Site "masterchessopen.com Slovenia"]
[Date "2004.11.06"]
[Round "2"]
[White "Beletic Daniel (SLO)"]
[Black "Kodric Martin (SLO)"]
[Result "0-1"]
[WhiteElo "2169"]
[BlackElo "2259"]

1.d4 Nf6 2.c4 g6 3.Nf3 Bg7 4.g3 O-O 5.Bg2 c6 6.O-O d5 7.Nbd2 a5 8.b3 Ne4 9.Bb2
Bf5 10.Nh4 Nxd2 11.Qxd2 Be6 12.Rfc1 a4 13.Qb4 a3 14.Bc3 dxc4 15.bxc4 Bxd4
16.Bxd4 Qxd4 17.Qxb7 Ra7 18.Qb3 Qc5 19.Rab1 Nd7 20.Qc3 Ra4 21.Qb3 Rxc4 22.Rxc4
Bxc4 23.Qc2 Bd5 24.Qxc5 Nxc5 25.Bxd5 cxd5 26.Rb5 Rc8 27.Ra5 Ne4 28.Rxa3 Rc2
29.Kf1 Nc3 30.Ra8+ Kg7 31.Rc8 Rc1+ 32.Kg2 Nxa2 33.Rxc1 Nxc1 34.Kf1 e5 35.Nf3
Kf6 36.Ke1 Nb3 37.Kd1 e4 38.Ne1 d4 39.Kc2 Nc5 40.Kd2 Kf5 41.h3 h5 42.Nc2 Nb3+
43.Kd1 g5 44.Nb4 Nc5 45.Kd2 h4 46.Nc2 Nb3+ 47.Ke1 Ke5 48.Nb4 Kd6 49.gxh4 gxh4
50.f3 f5 51.fxe4 fxe4 52.Nc2 Kc5 53.Kd1 Na5 54.Ne1 Nc4 55.Ng2 Ne3+ 56.Nxe3
dxe3 {#R} 0-1

[Event "Ch World (juniors) (under 14) (g)"]
[Site "masterchessopen.com Heraklio (Greece)"]
[Date "2004.11.11"]
[Round "9"]
[White "Vazirova Karina (RUS)"]
[Black "Zinchenko Yaroslav (UKR)"]
[Result "0-1"]
[WhiteElo "2112"]
[BlackElo "2443"]

1.Nf3 d5 2.d4 Nf6 3.c4 g6 4.g3 Bg7 5.Bg2 c6 6.Nbd2 O-O 7.O-O Bf5 8.Ne5 Nfd7
9.Qb3 Bxe5 10.dxe5 Qc7 11.cxd5 cxd5 12.Qxd5 Nc6 13.f4 Qb6+ 14.Kh1 Rad8 15.Qb3
Qa6 16.e4 Be6 17.Qc3 Nb6 18.f5 Rd3 19.Qc5 Bd7 20.Nf3 Rc8 21.Bh6 Qc4 22.Qf2 Be8
23.b3 Qb5 24.Bh3 Rc7 25.Ne1 Rd8 26.f6 e6 27.Rc1 Rcd7 28.Qe3 Qxe5 29.Bf8 g5
30.Rc5 Nd5 31.Qf3 Nd4 32.Qg4 Kxf8 {#R} 0-1

[Event "Ch Slovenia (team)"]
[Site "masterchessopen.com Celje (Slovenia)"]
[Date "2004.12.04"]
[Round "8"]
[White "Ribli Zoltan (HUN)"]
[Black "Volokitin Andrei (UKR)"]
[Result "0-1"]
[WhiteElo "2603"]
[BlackElo "2652"]

{ Ribli Zoltan (HUN) +6 =5 -0 } 1.Nf3 { 1 } 1...g6 2.d4 Nf6 3.g3 Bg7 4.Bg2 d5
5.O-O c6 6.Nbd2 O-O 7.c4 a5 8.b3 a4 ( 8...Bf5 9.Bb2 a4 10.Nh4 Be6 11.Qc2 a3
12.Bc3 c5 13.Rad1 cxd4 14.Bxd4 Nc6 15.Bxf6 Bxf6 16.Ne4 dxe4 17.Rxd8 Rfxd8
18.Qxe4 Rd2 19.f4 Rxa2 20.f5 gxf5 21.Nxf5 Ra1 22.Nxe7+ Nxe7 23.Rxa1 Bxa1
24.Qxb7 Bd4+ 25.e3 Bxe3+ 26.Kf1 Ra7 27.Qb8+ Nc8 { 0-1, Polugaevsky Lev A 2640
- Gelfand Boris 2685 , Reggio Emilia 1992 It (cat.18) } ) 9.Bb2 { = } ( 9.Ba3
Re8 10.Re1 Nbd7 11.Bb2 a3 12.Bc3 Ne4 13.Nxe4 dxe4 14.Ng5 e3 15.fxe3 Bh6 16.Nf3
Bxe3+ 17.Kf1 Nf6 18.b4 Ng4 19.Qb3 Be6 20.h3 Qd6 21.Reb1 Bxc4 22.Qxc4 Qxg3
23.Be1 Nh2+ 24.Nxh2 Qxh2 25.Bf2 Qf4 26.Bf3 Bxf2 27.Kxf2 e5 28.Kg1 Rad8 {
...1-0, Bacrot Etienne 2653 - Joachim Sven 2442 , Germany 2001 Bundesliga
2000/01 } ) ( 9.b4 b5 10.cxb5 cxb5 11.Ne5 Ng4 12.Bb2 Nxe5 13.dxe5 Bb7 14.a3
Nd7 15.f4 Rc8 16.Nf3 Nb6 17.Bd4 Nc4 18.Qd3 Qd7 19.h4 f6 20.Kh2 fxe5 21.fxe5 e6
22.Bh3 Rc6 23.Ng5 Qe8 24.Rxf8+ Bxf8 25.Rf1 Bc8 26.h5 Rc7 27.hxg6 hxg6 28.Rf6
Bg7 { ...1-0, Todorcevic Miodrag 2476 - Fernandez Aguado Juan Luis 2316 , Leon
1991 It (cat.10) } ) 9...Ne4 ( 9...Bf5 10.bxa4 Qa5 11.cxd5 cxd5 12.Ne5 Nbd7
13.Nxd7 Bxd7 14.Nb3 Qxa4 15.Nc5 Qxd1 16.Rfxd1 { 1/2-1/2, Polugaevsky Lev A
2640 - Kasparov Garry 2790 , Reggio Emilia 1992 It (cat.18) } ) 10.Nxe4 (
10.bxa4 Nc5 11.a5 Rxa5 12.Nb3 Nxb3 13.axb3 Bf5 ( 13...Rxa1 14.Qxa1 Na6 15.Rc1
Bf5 16.Nh4 Bg4 17.cxd5 cxd5 18.Bf3 Bxf3 19.Nxf3 Qb6 20.Qa4 Bf6 21.Ne5 Nb8
22.b4 Rd8 23.b5 Nd7 24.e3 h5 25.h4 Qe6 { 1/2-1/2, Ljubojevic Ljubomir 2548 -
Leko Peter 2739 , Monaco 2001 It "Melody Amber" (active) } ) 14.Nh4 Be6 15.Qc2
Rxa1 16.Rxa1 Na6 17.e3 Qd7 18.Bf1 Ra8 19.Bc3 Nc7 20.Rxa8+ Nxa8 21.Qa2 Nc7
22.Ng2 g5 23.Ne1 h6 24.Qa7 Qc8 25.Qb6 Ne8 26.Nd3 dxc4 27.Nc5 Nd6 28.bxc4 Bxc4
29.Bxc4 Nxc4 { ...1/2-1/2, Ribli Zoltan 2610 - Stefansson Hannes 2445 ,
Altensteig 1992 It } ) 10...dxe4 11.Ne1 f5 ( 11...c5 12.Nc2 f5 13.e3 { } )
12.Nc2 ( 12.e3 Na6 ( 12...c5 { } ) 13.f3 Nc5 14.Qc2 axb3 15.axb3 Rxa1 16.Bxa1
f4 17.gxf4 exf3 18.Nxf3 Bf5 19.Qd1 Na6 20.Ne5 Qb6 21.Bc3 g5 22.Kh1 gxf4
23.Rxf4 Bxe5 24.c5 Qb5 25.Bf1 Bxf4 26.exf4 Be4+ 27.Kg1 Bf3 28.Qc2 Be4 29.Qd1
Bf3 30.Qc2 Be4 31.Qd1 { 1/2-1/2, Grabarczyk Miroslaw 2480 - Pedzich Dominik
2465 , Sopot 1997 Ch Poland } ) 12...Nd7 { } 13.Ne3 { N } ( 13.b4 e5 14.Rc1
Nb6 15.c5 Nc4 16.Bc3 a3 17.dxe5 Qc7 18.Nd4 Nxe5 19.Qb3+ Qf7 20.Qxf7+ Kxf7
21.Rc2 Be6 22.Nxe6 Kxe6 23.f4 exf3 24.exf3 Kf7 25.f4 Ng4 26.Bxg7 Kxg7 27.Rd2
Ne3 28.Rf3 Kf7 29.Kf2 Rae8 30.Rxe3 { 1/2-1/2, Dautov Rustem 2604 - Glek Igor V
2576 , Mainz 2002 It (open) } ) ( 13.e3 Nf6 14.Qe2 Be6 15.f3 exf3 16.Bxf3 Qb6
17.Ba3 axb3 18.Bc5 Qc7 19.axb3 h5 20.Ba3 Bf7 21.Nb4 Rfe8 22.Nd3 Nd7 23.Bb2
Rxa1 24.Rxa1 e5 25.dxe5 Nxe5 26.Nxe5 Bxe5 27.Kf2 Bd6 28.Qd3 h4 29.Rg1 Be5
30.Bxe5 Qxe5 31.Qd4 Qe7 32.Rd1 Qb4 { ...1/2-1/2, Ruck Robert 2485 - Naiditsch
Arkadij 2390 , Budapest 1998 It (cat.7) } ) 13...Nc5 14.Rb1 axb3 15.axb3 Ra2
16.Ba1 Rxa1 { ?! } ( 16...Na6 { !? } 17.b4 Be6 18.b5 Nc7 { } ) 17.Rxa1 Bxd4
18.Ra8 { ?! } ( 18.Rb1 { !? } 18...Be6 19.Qc1 Qc7 20.Nc2 { } ) 18...Bxe3
19.fxe3 { ?! } ( 19.Qxd8 { !? } 19...Rxd8 20.fxe3 Nxb3 21.Rb1 { } ) 19...Qxd1
20.Rxd1 Nxb3 21.g4 { ?! } ( 21.Ra3 { !? } 21...Nc5 22.Rb1 Nd7 23.Ra5 { } )
21...Be6 22.Rdd8 Rxd8 23.Rxd8+ Kf7 24.Rh8 Kg7 25.Re8 Kf6 26.h4 { ?! } (
26.gxf5 { !? } 26...gxf5 27.Rb8 Nc5 28.Bh3 { } ) 26...Bxc4 27.g5+ Ke6 28.h5
gxh5 29.Rh8 b5 { ? } ( { ? } 29...Kf7 30.Rxh7+ Kg6 31.Rxe7 Nc5 { } ) 30.Bh3 b4
31.Rf8 Nd2 32.Bxf5+ Ke5 33.Bxh7 b3 34.Rb8 Bb5 { } {#R} 0-1

[Event "Ch Sweden (team) 2004/05"]
[Site "masterchessopen.com Sweden"]
[Date "2004.12.04"]
[Round "4"]
[White "Delveborn Ingemar (SWE)"]
[Black "Danielsson Robert (SWE)"]
[Result "1-0"]
[WhiteElo "2235"]
[BlackElo "2087"]

1.c4 Nf6 2.g3 c6 3.Nf3 g6 4.Bg2 Bg7 5.O-O O-O 6.d4 d5 7.Nbd2 b6 8.b3 Bb7 9.Bb2
Nbd7 10.Rc1 Rc8 11.Re1 e6 12.Rc2 Qe7 13.Qc1 Rfd8 14.Qa1 Ne4 15.Nxe4 dxe4
16.Nd2 f5 17.e3 g5 18.f3 exf3 19.Bxf3 e5 20.g4 e4 21.Bg2 fxg4 22.Bxe4 Rf8
23.Bg2 Rf7 24.Nf1 h5 25.Ree2 Rcf8 26.Qe1 h4 27.Rf2 Rxf2 28.Rxf2 Rxf2 29.Qxf2
Qf7 30.Qxf7+ Kxf7 31.b4 Bf8 32.b5 Nb8 33.Nd2 Ke6 34.bxc6 Ba6 35.d5+ Kf7 36.Bf1
Bd6 37.Ne4 {#r} 1-0

[Event "Ch Asia (juniors) (under 18)"]
[Site "masterchessopen.com Pattaya (Thailand)"]
[Round "4"]
[White "Pham Duc Thang (VIE)"]
[Black "Nguyen Thanh Nghia (VIE)"]
[Result "1-0"]
[WhiteElo "2210"]
[BlackElo "2208"]

1.c4 c6 2.g3 d5 3.Bg2 Nf6 4.Nf3 g6 5.O-O Bg7 6.d4 O-O 7.Nbd2 Nbd7 8.b3 b6
9.Bb2 Bb7 10.Ne5 Rb8 11.e4 Nxe4 12.Nxe4 dxe4 13.Bxe4 Nxe5 14.dxe5 Qc7 15.f4
Rfd8 16.Qf3 c5 17.f5 Bxe4 18.Qxe4 Qb7 19.Qf4 gxf5 20.Qxf5 Rd2 21.Rf2 Rxf2
22.Qxf2 Rd8 23.Re1 Rd3 24.e6 fxe6 25.Rf1 Qf3 26.Qxf3 Rxf3 27.Rxf3 Bxb2 28.Kf2
Kg7 29.Ke3 Bf6 30.Ke4 Bb2 31.Rd3 Bd4 32.Rxd4 cxd4 33.Kxd4 {#r} 1-0

[Event "Memorial V.Syre (open)"]
[Site "masterchessopen.com Issy Les Moulineaux (France)"]
[Date "2005.05.07"]
[Round "5"]
[White "Demarre Jacques (FRA)"]
[Black "Aouizerate Robert (FRA)"]
[Result "1-0"]
[WhiteElo "2228"]
[BlackElo "2007"]

1.d4 Nf6 2.Nf3 g6 3.c4 Bg7 4.g3 O-O 5.Bg2 d5 6.O-O c6 7.Nbd2 dxc4 8.Nxc4 Be6
9.b3 Bd5 10.Bb2 Nbd7 11.Ncd2 Ne4 12.Qc2 Nxd2 13.Qxd2 Nf6 14.Rfe1 Be4 15.Qb4
Qc7 16.Bf1 Nd5 17.Qd2 Bxf3 18.exf3 e6 19.h4 h5 20.Bd3 Rfe8 21.f4 Qb6 22.Be4
Bf8 23.Qd3 f5 24.Bf3 Bg7 25.Re2 Rad8 26.Rae1 Nc7 27.Qc4 Bxd4 28.Rxe6 Bxf2+
29.Kg2 Rxe6 30.Rxe6 Nd5 31.Rxg6+ Kh7 32.Bxd5 Kxg6 33.Bf7+ Kh7 34.Bg6+ Kxg6
35.Qe6+ {#r} 1-0

[Event "It (open)"]
[Site "masterchessopen.com Minneapolis (USA)"]
[Date "2005.05.19"]
[Round "2"]
[White "Fridman Daniel (GER)"]
[Black "Fedorowicz John P (USA)"]
[Result "1-0"]
[WhiteElo "2564"]
[BlackElo "2502"]

{ Fridman Daniel (LAT) +1 =0 -2 Fedorowicz John P (USA) +1 =1 -0 } 1.d4 Nf6
2.Nf3 g6 3.g3 Bg7 4.Bg2 O-O 5.O-O d5 6.Nbd2 c6 7.c4 Bf5 8.b3 Ne4 9.Bb2 { = }
9...Nxd2 ( 9...Nd7 10.Nh4 Nxd2 11.Qxd2 Be6 12.cxd5 cxd5 13.Qb4 Rb8 14.Rfc1 Re8
15.e3 Bf8 16.Qa4 a6 17.Bc3 Nf6 18.Nf3 Bd7 19.Qa5 e6 20.Qxd8 Rexd8 21.a4 Ne4
22.Ba5 b6 23.Be1 Rdc8 24.Ne5 Be8 25.f3 Nd6 26.g4 a5 27.Nd3 Rxc1 28.Rxc1 Rc8
29.Rxc8 { ...1/2-1/2, Karpov Anatoly 2745 - Topalov Veselin 2745 , Dortmund
1997 It (cat.18) } ) 10.Qxd2 ( 10.Nxd2 Na6 11.Rc1 Qd7 12.Re1 Rfd8 13.cxd5 cxd5
14.Nf3 f6 15.Qd2 Be4 16.Bf1 Rac8 17.Nh4 g5 18.Ng2 Rxc1 19.Rxc1 Rc8 20.Ba3 e6
21.Ne1 Bf8 22.Bxf8 Kxf8 23.e3 Rxc1 24.Qxc1 Qc7 25.Qa3+ Qe7 26.Qb2 Nb8 27.Bd3
Bxd3 28.Nxd3 b6 29.b4 Qc7 { ...1-0, Bekker-Jensen Simon 2436 - Byrn Carsten
2200 , Copenhagen 1999 It (open) "Politiken Cup" } ) 10...Be4 11.e3 ( 11.Rfd1
Nd7 12.Bf1 { 1/2-1/2, Kengis Edvins 2543 - Atalik Suat 2541 , Calvia
26.10.2004 Olympiad } ) ( 11.Rac1 e6 12.Rfd1 Nd7 13.Ba3 Re8 14.Bd6 Bf8 15.Bxf8
Rxf8 16.Qh6 Bxf3 17.Bxf3 Qe7 18.Rc2 Rad8 19.Bg2 Nf6 20.Qc1 { 1/2-1/2, Csom
Istvan 2540 - Szekely Peter 2435 , Budapest 1992 Ch Hungary } ) 11...a5 {
+0.18 CAP N } ( 11...Nd7 12.Ne1 ( 12.Rfd1 a5 13.Qe2 a4 14.cxd5 cxd5 15.Qb5 b6
16.Rdc1 a3 17.Bc3 Re8 18.Nd2 Bxg2 19.Kxg2 e6 20.Nf3 Qc8 21.Bb4 Qb7 22.Rc6 Rec8
23.Rac1 Bf8 24.Bxf8 Rxc6 25.Qxc6 Qxc6 26.Rxc6 Kxf8 27.Kf1 Ke8 28.Ne5 Nxe5
29.dxe5 Kd7 30.Rxb6 Kc7 31.Rb4 { ...1-0, Szypulski Andrzej 2405 - Witkowski
Stefan 2265 , Poland 1996 Ch Poland (team) 1996/97 } ) 12...Bxg2 13.Nxg2 e6
14.Nf4 Nf6 15.Qe2 Re8 16.Nd3 Ne4 { 1/2-1/2, Szabo Zsolt Jozsef 2430 - Seres
Lajos 2420 , Salgotarjan 1998 Memorial Balazs (open) } ) 12.Qe2 a4 13.Bh3 Bxf3
14.Qxf3 e6 15.Qd1 Nd7 16.Bc3 axb3 17.Qxb3 Ra7 18.a4 Qb6 19.Qa2 Rfa8 20.a5 Qc7
21.Rfc1 b6 22.cxd5 exd5 23.Bd2 bxa5 24.Qa4 Ra6 25.Bf1 Rb6 26.Bxa5 Qb7 { ?! } (
26...Qc8 { !? } 27.Ra2 c5 28.Bb5 Rb7 { } ) 27.Qc2 Rb2 28.Qxc6 Qxc6 29.Rxc6 Nf6
30.Bb4 Rxa1 31.Rc8+ Bf8 32.Bxf8 { } {#r} 1-0

[Event "Ch South Region (open)"]
[Site "masterchessopen.com Belorechensk (Russia)"]
[Round "0"]
[White "Chashchev Sergey (RUS)"]
[Black "Aslakhanov Tamerlan (RUS)"]
[Result "1-0"]
[WhiteElo "2310"]
[BlackElo "2108"]

1.d4 d5 2.Nf3 Nf6 3.c4 c6 4.g3 g6 5.Bg2 Bg7 6.O-O O-O 7.Nbd2 e6 8.Qc2 Nbd7
9.b3 b6 10.Bb2 Bb7 11.e4 dxe4 12.Nxe4 Nxe4 13.Qxe4 Qc7 14.Rad1 Rad8 15.Qe2
Rfe8 16.Rfe1 c5 17.dxc5 Nxc5 18.Bxg7 Kxg7 19.Qe5+ Qxe5 20.Nxe5 Bxg2 21.Kxg2 a5
22.Kf1 f6 23.Nc6 Rxd1 24.Rxd1 Rc8 25.Na7 Rc7 26.Nb5 Rd7 27.Nd6 Kf8 28.Ke2 e5
29.f3 Rd8 30.Nb5 Rxd1 31.Kxd1 Ke7 32.Nc7 Nd7 33.Kd2 Kd6 34.Nb5+ Kc5 35.Kc3 Nb8
36.Nc7 f5 37.Ne6+ Kd6 38.Nf8 Nc6 39.Nxh7 Nd4 40.f4 Nf3 41.Ng5 Nxh2 42.Nf7+ Ke6
43.Nxe5 g5 44.Kd3 Nf1 45.Nf3 g4 46.Nd4+ Kf6 47.Ne2 Ke6 48.a3 Kd6 49.b4 axb4
50.axb4 Ke6 51.Nd4+ Kf6 52.c5 bxc5 53.b5 c4+ 54.Kxc4 Nxg3 55.b6 Ne4 56.Kd5
Nc3+ 57.Kc6 g3 58.b7 g2 59.Nf3 Ne2 60.b8=Q Nd4+ 61.Nxd4 g1=Q 62.Qf8+ {#r} 1-0

[Event "It (open)"]
[Site "masterchessopen.com Cattolica (Italy)"]
[Date "2005.06.14"]
[Round "4"]
[White "Fronzi Ettore (ITA)"]
[Black "Orfei Rolando (ITA)"]
[Result "1-0"]
[WhiteElo "2027"]
[BlackElo "2059"]

1.d4 g6 2.Nf3 Bg7 3.g3 Nf6 4.Bg2 O-O 5.c4 c6 6.O-O d5 7.Nbd2 a5 8.a4 Na6 9.c5
Nb4 10.Nb3 Bf5 11.Ne1 Ne4 12.f3 Nf6 13.g4 Bc8 14.Bd2 Qc7 15.Nxa5 Qxa5 16.Qb3
b5 17.Qxb4 Qxb4 18.Bxb4 bxa4 19.Nc2 Re8 20.Kf2 Bd7 21.Bc3 h5 22.h3 hxg4
23.hxg4 Nh7 24.Nb4 Reb8 25.e3 Rb7 26.Ra3 e5 27.Nd3 exd4 28.exd4 Ng5 29.Re1 Ne6
30.Ne5 Bf6 31.Kg3 g5 32.Bf1 Be8 33.Bd3 Re7 34.Bc2 Rea7 35.Bf5 Nf4 36.Nd3 Nxd3
37.Bxd3 Kg7 38.Rea1 Re7 39.Kf2 Bd7 40.Rxa4 Rae8 41.Ra8 Bc8 42.R1a7 Re6 43.Rc7
Bd7 44.Raa7 Re3 45.Bf1 Bxg4 46.fxg4 R8e6 47.Ra6 R3e4 48.Rcxc6 Rf4+ 49.Kg1
Rxg4+ 50.Bg2 Re2 51.Rxf6 Rgxg2+ 52.Kf1 Rh2 53.Rf5 Rc2 54.Rxg5+ Kf8 55.Ra1 Rh1+
56.Rg1 Rh3 57.c6 {#r} 1-0

[Event "It (open) \"]
[Site "masterchessopen.com St.Petersburg (Russia)"]
[Date "2005.06.18"]
[Round "1"]
[White "Mishuchkov Nikolai M (RUS)"]
[Black "Orlov Anatoly (RUS)"]
[Result "1-0"]
[WhiteElo "2373"]
[BlackElo "2073"]

1.Nf3 Nf6 2.c4 g6 3.g3 Bg7 4.Bg2 O-O 5.O-O c6 6.d4 d5 7.Nbd2 b6 8.b3 Bb7 9.Bb2
Nbd7 10.Qc2 Rc8 11.e4 dxe4 12.Nxe4 Nxe4 13.Qxe4 Nf6 14.Qe2 e6 15.Rad1 Re8
16.Ne5 Qe7 17.Rd2 Rc7 18.Rfd1 Nd7 19.h4 h5 20.Qe3 Rd8 21.Nxc6 Rxc6 22.Bxc6
Bxc6 23.d5 Bb7 24.dxe6 fxe6 25.Bxg7 Kxg7 26.Rd6 e5 27.Qd3 Be4 28.Qxe4 Nf6
29.Rxd8 Nxe4 30.R8d7 Kf7 31.Rxe7+ Kxe7 32.Re1 Nc3 33.Rxe5+ Kf6 34.Re1 a5 35.a4
Kf5 36.f3 Na2 37.Kg2 Nb4 38.Re7 {#r} 1-0

[Event "Memorial Kurass"]
[Site "masterchessopen.com Kiev (Ukraine)"]
[Date "2005.06.29"]
[Round "9"]
[White "Bidkova Viktoria (UKR)"]
[Black "Petryk Fedir (UKR)"]
[Result "0-1"]
[WhiteElo "2023"]
[BlackElo "2312"]

1.Nf3 d5 2.d4 Nf6 3.g3 g6 4.c4 c6 5.Nbd2 Bg7 6.Bg2 O-O 7.O-O Nbd7 8.b3 a5
9.Bb2 b5 10.Ne1 bxc4 11.bxc4 Rb8 12.Bc3 Ba6 13.Bf3 g5 14.h3 e6 15.Qa4 Nb6
16.Qxa5 Bxc4 17.Qa3 Ra8 18.Qc1 Bxa2 19.Bb4 Re8 20.Qxc6 Ne4 21.Nxe4 dxe4
22.Qxe4 Bxd4 23.Rc1 f5 24.Qc2 Rc8 25.Qd2 Rxc1 26.Qxc1 Bd5 27.Bxd5 Nxd5 28.Bd2
Qd6 29.e3 Bb6 30.Nf3 g4 31.hxg4 fxg4 32.Nh2 h5 33.Qc2 Kg7 34.Bc3+ Kh6 35.Qd3
Rd8 36.Rd1 Qe7 37.Qc2 Qc7 38.Rc1 Nxc3 39.Qxc3 Rd1+ 40.Rxd1 Qxc3 41.Nf1 Qb3
42.Rc1 Kg5 43.Nh2 Bxe3 44.Rf1 Ba7 45.Kg2 h4 {#R} 0-1

[Event "Ch Sweden (seniors)"]
[Site "masterchessopen.com Goteborg (Sweden)"]
[Round "2"]
[White "Johansson Per (SWE)"]
[Black "Eriksson Bo (SWE)"]
[Result "0-1"]
[WhiteElo "2005"]
[BlackElo "2073"]

1.d4 Nf6 2.Nf3 d5 3.c4 c6 4.Nbd2 g6 5.g3 Bg7 6.Bg2 O-O 7.O-O Bf5 8.Qb3 Qc8
9.Ne5 Be6 10.c5 Nfd7 11.Nxd7 Nxd7 12.Nf3 f6 13.Bf4 Re8 14.h4 Bf7 15.Qc2 e5
16.dxe5 fxe5 17.Bd2 h6 18.e3 Nf6 19.Ne1 Be6 20.f3 Kh7 21.Bc3 Bh3 22.Bxh3 Qxh3
23.Qg2 Qxg2+ 24.Nxg2 Nd7 25.b4 b6 26.cxb6 axb6 27.Bb2 Ra4 28.a3 c5 29.bxc5
bxc5 30.Rac1 Rc8 31.Rfd1 Nb6 32.f4 e4 33.Bxg7 Kxg7 34.Rb1 Rc6 35.Rb3 d4
36.exd4 cxd4 37.Rb4 Rxb4 38.axb4 Rc4 39.b5 Nd5 40.Rb1 d3 41.Rd1 Rb4 42.Rd2
Rxb5 43.Kf2 Rc5 44.Ne3 Nb4 45.g4 Nc2 46.Rd1 Nd4 47.Ra1 Rc7 48.f5 gxf5 49.gxf5
Rf7 50.Ra4 Nxf5 51.Rxe4 Nd6+ {#R} 0-1